| 000 | 00000nas##2200000za#4500 |
| 001 | 9.508051 |
| 003 | CaOODSP |
| 005 | 20251204161048 |
| 007 | ta |
| 008 | 150406c1994||||xxc|| p #||||f| |0fre|d |
| 022 | |a1198-3558 |
| 040 | |aCaOODSP|bfre |
| 041 | |aeng |
| 041 | |afre |
| 043 | |an-cn--- |
| 086 | 1 |aC12-16 |
| 110 | 1 |aCanada. |bIndustrie Canada. |bDirection générale de l'analyse de la politique micro-économique. |
| 245 | 10|aMicro : |bbulletin de la Direction de l'analyse de la politique micro-économique |
| 260 | |aOttawa - Ontario : |bIndustrie Canada. |
| 310 | |aSemestriel |
| 362 | 1 |aVol. 1, n° 1, hiver 1994-- |
| 500 | |aTwo fois par année depuis 2003. |
| 520 | 3 |aLe Micro est un bulletin qui met en lumière les résultats de la recherche micro-économique au Canada. Chaque numéro porte sur un domaine particulier de la recherche et dresse la liste des publications produites par la Direction générale de l'analyse de la politique micro-économique d'Industrie Canada. |
| 563 | |aCouverture souple |
| 691 | 07|aÉconomie|2gcpds |
| 691 | 07|aIndicateurs économiques|2gcpds |
| 776 | 0#|tMicro : |w(CaOODSP)9.501298 |
| 791 | |tMicro : |eeng|w(CaOODSP)9.508050 |